00286nam a22001097a 4500020001900000040000900019082001800028100001600046245003400062260004600096650003400142 a97981229705395 cNust a621.3824bRAJ aRaju, N.S.G aAntennas and Wave Propagation aNew Delhi:bPearson Education Inc,c2005. aAntennas and Wave Propagation